[Event "LiSB-ch"]
[Site "Stein"]
[Date "2002.12.07"]
[Round "6"]
[White "Van Haren, Marcel"]
[Black "Graff, Marcel"]
[Result "1/2-1/2"]
[WhiteElo "1704"]
[BlackElo "1824"]
[PlyCount "72"]
[EventDate "2002.11.30"]
[EventType "swiss"]
[EventRounds "7"]
[EventCountry "NED"]
[SourceTitle "EXT 2013"]
[Source "ChessBase"]
[SourceDate "2012.11.22"]
[SourceVersion "1"]
[SourceVersionDate "2012.11.22"]
[SourceQuality "1"]

1. e4 e6 2. d3 d5 3. Nd2 c5 4. g3 Nc6 5. Bg2 g6 6. Ngf3 Bg7 7. c3 Nge7 8. 0-0 0-0 9. Qe2 b6 10. Rd1 Ba6 11. c4 dxc4 12. dxc4 Qc7 13. a3 Rad8 14. Rb1 e5 15. b3 Bc8 16. Bb2 Nd4 17. Nxd4 exd4 18. f4 Rfe8 19. Qd3 Bg4 20. Re1 Qc8 21. Nf3 Nc6 22. Re2 Re7 23. Rbe1 Rde8 24. Bc1 Na5 25. Rf2 Nb7 26. Nd2 Nd6 27. b4 Bh3 28. Bh1 Nf5 29. Nf1 Nh6 30. Bg2 Bxg2 31. Kxg2 Qb7 32. Rfe2 f5 33. Nd2 Ng4 34. Kg1 Ne3 35. e5 Bh6 36. Nf1 Nxf1 1/2-1/2

[Event "LiSB-ch"]
[Site "Stein"]
[Date "2002.12.01"]
[Round "4"]
[White "Van Mulekom, Hans"]
[Black "Graff, Marcel"]
[Result "0-1"]
[WhiteElo "1853"]
[BlackElo "1824"]
[PlyCount "40"]
[EventDate "2002.11.30"]
[EventType "swiss"]
[EventRounds "7"]
[EventCountry "NED"]
[SourceTitle "EXT 2013"]
[Source "ChessBase"]
[SourceDate "2012.11.22"]
[SourceVersion "1"]
[SourceVersionDate "2012.11.22"]
[SourceQuality "1"]

1. e4 e6 2. d4 d5 3. exd5 exd5 4. Nf3 Bd6 5. Bd3 Ne7 6. 0-0 0-0 7. Bxh7+ Kxh7 8. Ng5+ Kg8 9. Qh5 Bf5 10. f4 Bg6 11. Qh3 Qd7 12. g4 f5 13. Qb3 fxg4 14. c4 Nbc6 15. c5 Nxd4 16. Qd1 Bxc5 17. Kg2 Nc2 18. Re1 Nxe1+ 19. Qxe1 Rae8 20. Ne6 Be4+ 0-1